[Event "Ungdoms-DM 2021 U10"]
[Site "Odense"]
[Date "2021.10.02"]
[Round "1"]
[White "Jalving, August"]
[Black "Skytte, Robert"]
[Result "1-0"]
[WhiteElo "1644"]
[BlackElo "1247"]
[PlyCount "61"]
[EventDate "2021.10.01"]
[EventType "swiss (rapid)"]
[EventRounds "7"]
[EventCountry "DEN"]

1. e4 c6 2. d4 d5 3. Nc3 dxe4 4. Nxe4 Nf6 5. Nxf6+ gxf6 6. Nf3 Nd7 7. Bf4 Nb6
8. Bd3 Bg4 9. c3 e6 10. Qe2 Qd5 11. Be4 Qa5 12. O-O h5 13. b4 Qa4 14. h3 f5 15.
Bd3 Nd5 16. Be5 Bxf3 17. Qxf3 Rh6 18. Rfe1 a5 19. bxa5 Qxa5 20. c4 Ne7 21. Reb1
b6 22. Bc7 Qd2 23. Rxb6 Rxa2 24. Rxa2 Qxa2 25. Rb8+ Kd7 26. Rxf8 Kxc7 27. Qf4+
Kd7 28. Qxh6 Qa1+ 29. Bf1 Qxd4 30. Rxf7 h4 31. Qf8 1-0

[Event "Ungdoms-DM 2021 U10"]
[Site "Odense"]
[Date "2021.10.02"]
[Round "1"]
[White "Nielsen, Johannes Smedegaard"]
[Black "Sandmann, Villads Majvang"]
[Result "0-1"]
[WhiteElo "1048"]
[BlackElo "1576"]
[PlyCount "98"]
[EventDate "2021.10.01"]
[EventType "swiss (rapid)"]
[EventRounds "7"]
[EventCountry "DEN"]

1. e4 c5 2. Nf3 e6 3. Nc3 Nc6 4. Bc4 Qc7 5. b3 a6 6. a4 Nf6 7. Bb2 Be7 8. O-O
O-O 9. d4 cxd4 10. Nxd4 Rd8 11. Nf3 b6 12. Re1 Na5 13. Bd3 Bb7 14. e5 Nd5 15.
Be4 Nxc3 16. Bxc3 Qxc3 17. Bxb7 Nxb7 18. h3 Rac8 19. Rc1 Ba3 20. Re3 Qc7 21.
Ra1 Bc5 22. Rd3 d6 23. exd6 Rxd6 24. Rxd6 Qxd6 25. Qxd6 Bxd6 26. Nd4 Be5 27. c3
Rxc3 28. Ne2 Rxb3 29. Re1 Ra3 30. Rc1 Ra1 31. Rxa1 Bxa1 32. Kf1 Nc5 33. Nc1
Nxa4 34. Nb3 Bf6 35. Ke2 Nc5 36. Nxc5 bxc5 37. Kd3 Bd4 38. f3 a5 39. Kc2 c4 40.
Kb1 a4 41. Ka2 c3 42. Ka3 c2 43. Kxa4 c1=Q 44. Kb5 Qc5+ 45. Ka4 Qb6 46. Ka3 Qb5
47. g4 Bc3 48. h4 Qb4+ 49. Ka2 Qb2# 0-1

[Event "Ungdoms-DM 2021 U10"]
[Site "Odense"]
[Date "2021.10.02"]
[Round "1"]
[White "Bekmukhanov, Sauran"]
[Black "Jensen, Frans"]
[Result "1-0"]
[WhiteElo "1726"]
[BlackElo "1000"]
[PlyCount "57"]
[EventDate "2021.10.01"]
[EventType "swiss (rapid)"]
[EventRounds "7"]
[EventCountry "DEN"]

1. e4 e6 2. d4 d5 3. exd5 exd5 4. c4 Nf6 5. Nc3 Nc6 6. Nf3 Bb4 7. Bd3 O-O 8.
O-O Bg4 9. Bg5 Nxd4 10. Nxd5 Nxf3+ 11. gxf3 Bh5 12. Nxb4 h6 13. Bh4 c5 14. Nd5
Qd6 15. Nxf6+ gxf6 16. Bh7+ Kxh7 17. Qxd6 Rg8+ 18. Bg3 Rad8 19. Qxf6 Rdf8 20.
Rad1 Rg6 21. Qf5 Rfg8 22. Qxh5 f5 23. Rd7+ Kh8 24. Kh1 f4 25. Bxf4 a6 26. Be5+
R8g7 27. Rxg7 Rxg7 28. Qxh6+ Kg8 29. Qxg7# 1-0

[Event "Ungdoms-DM 2021 U10"]
[Site "Odense"]
[Date "2021.10.02"]
[Round "2"]
[White "Mueller, Anker"]
[Black "Jalving, August"]
[Result "1-0"]
[WhiteElo "1500"]
[BlackElo "1644"]
[PlyCount "109"]
[EventDate "2021.10.01"]
[EventType "swiss (rapid)"]
[EventRounds "7"]
[EventCountry "DEN"]

1. d4 Nf6 2. c4 e6 3. Nc3 d5 4. Nf3 Bb4 5. Bg5 Nc6 6. e3 h6 7. Bh4 O-O 8. Bd3
Bd7 9. O-O dxc4 10. Bxc4 Re8 11. Ne4 Be7 12. Bxf6 Bxf6 13. Nxf6+ Qxf6 14. Qd2
Rad8 15. Rfe1 e5 16. d5 Bg4 17. Qc3 Bxf3 18. gxf3 Ne7 19. e4 Ng6 20. Bf1 Qg5+
21. Kh1 Re7 22. Bc4 Nf4 23. Rg1 Qh4 24. Rg4 Qxf2 25. Rag1 g5 26. Rf1 Qd4 27.
Qxd4 exd4 28. h4 Re5 29. hxg5 hxg5 30. Rfg1 f6 31. Rxf4 Kf7 32. Rf5 Kg6 33.
Rxe5 fxe5 34. Rc1 c6 35. dxc6 bxc6 36. Bd3 Rd6 37. Rc5 Kf6 38. Kg2 Re6 39. Ra5
Re7 40. Ra6 Rc7 41. Bb5 Rb7 42. Rxc6+ Kg7 43. a4 Rd7 44. Rg6+ Kxg6 45. Bxd7 g4
46. Bb5 Kg5 47. Bd3 Kf4 48. fxg4 a5 49. g5 Kxg5 50. Kg3 Kh5 51. Be2+ Kg5 52. b3
Kf6 53. Kg4 Kg6 54. Bd3 Kf6 55. Kh5 1-0

[Event "Ungdoms-DM 2021 U10"]
[Site "Odense"]
[Date "2021.10.02"]
[Round "2"]
[White "Sandmann, Villads Majvang"]
[Black "Hagen, Frida Bjerregaard"]
[Result "0-1"]
[WhiteElo "1576"]
[BlackElo "1218"]
[PlyCount "70"]
[EventDate "2021.10.01"]
[EventType "swiss (rapid)"]
[EventRounds "7"]
[EventCountry "DEN"]

1. e4 c5 2. Nf3 g6 3. d4 cxd4 4. Nxd4 Nc6 5. c4 Nf6 6. Nc3 d6 7. f3 Bg7 8. Be3
Qb6 9. Qd2 Nxe4 10. fxe4 Bxd4 11. Bxd4 Qxd4 12. Qxd4 Nxd4 13. O-O-O Nc6 14. Be2
O-O 15. Rhf1 Be6 16. Nd5 Bxd5 17. exd5 Ne5 18. Rd4 Rac8 19. Bg4 Rxc4+ 20. Rxc4
Nxc4 21. Rf4 Ne3 22. Bf3 Rc8+ 23. Kb1 Rc5 24. b4 Nxd5 25. bxc5 Nxf4 26. cxd6
exd6 27. Bxb7 Kg7 28. Kc2 Kf6 29. Kd2 Ke5 30. Kc3 d5 31. g3 Ne2+ 32. Kb4 Ke4
33. Ka5 Nc3 34. a4 Ke3 35. Ka6 d4 0-1

[Event "Ungdoms-DM 2021 U10"]
[Site "Odense"]
[Date "2021.10.02"]
[Round "2"]
[White "Rynkjoeb, Bastian"]
[Black "Bekmukhanov, Sauran"]
[Result "0-1"]
[WhiteElo "929"]
[BlackElo "1726"]
[PlyCount "44"]
[EventDate "2021.10.01"]
[EventType "swiss (rapid)"]
[EventRounds "7"]
[EventCountry "DEN"]

1. e4 e5 2. Nf3 Nc6 3. Bc4 Nf6 4. Ng5 d5 5. exd5 Na5 6. b3 h6 7. Nf3 e4 8. Qe2
Be7 9. Ne5 O-O 10. O-O Bd6 11. Bb2 Re8 12. d4 exd3 13. cxd3 Bd7 14. d4 Nxc4 15.
bxc4 c5 16. Qf3 cxd4 17. Nd3 Bg4 18. Qg3 Bxg3 19. fxg3 Be2 20. Rf2 Bxd3 21.
Bxd4 Re1+ 22. Rf1 Rxf1# 0-1

[Event "Ungdoms-DM 2021 U10"]
[Site "Odense"]
[Date "2021.10.02"]
[Round "3"]
[White "Bekmukhanov, Sauran"]
[Black "Mueller, Anker"]
[Result "0-1"]
[WhiteElo "1726"]
[BlackElo "1500"]
[PlyCount "76"]
[EventDate "2021.10.01"]
[EventType "swiss (rapid)"]
[EventRounds "7"]
[EventCountry "DEN"]

1. e4 c5 2. Nf3 d6 3. d4 cxd4 4. Nxd4 Nf6 5. Nc3 g6 6. f3 Bg7 7. Be3 Nc6 8. Qd2
Bd7 9. O-O-O O-O 10. h4 h5 11. Be2 Ne5 12. Bh6 Rc8 13. Kb1 a5 14. Bxg7 Kxg7 15.
g4 hxg4 16. f4 Nc4 17. Bxc4 Rxc4 18. e5 dxe5 19. fxe5 Nh5 20. e6 Bc6 21. Rhe1
f6 22. Nf5+ gxf5 23. Qxd8 Rxd8 24. Rxd8 g3 25. Ne2 f4 26. Nd4 f3 27. Nxf3 Bxf3
28. Rd7 Re4 29. Rxe7+ Kf8 30. Rf7+ Ke8 31. Rg1 Rxh4 32. Rh7 g2 33. Rh8+ Ke7 34.
Rh7+ Kxe6 35. Re1+ Kf5 36. Rd7 Rh1 37. Rd5+ Bxd5 38. Rf1+ gxf1=R# 0-1

[Event "Ungdoms-DM 2021 U10"]
[Site "Odense"]
[Date "2021.10.02"]
[Round "3"]
[White "Hagen, Frida Bjerregaard"]
[Black "Skytte, Robert"]
[Result "0-1"]
[WhiteElo "1218"]
[BlackElo "1247"]
[PlyCount "32"]
[EventDate "2021.10.01"]
[EventType "swiss (rapid)"]
[EventRounds "7"]
[EventCountry "DEN"]

1. e4 c6 2. Nc3 d5 3. Nf3 dxe4 4. Nxe4 Nf6 5. Qe2 Bf5 6. Nxf6+ gxf6 7. d3 Nd7
8. Bd2 e5 9. O-O-O Qb6 10. Qe3 Bc5 11. Qe2 O-O-O 12. g3 Bxf2 13. Nh4 Be6 14.
Bg2 Bc5 15. Rhf1 Bxa2 16. b3 Ba3# 0-1

[Event "Ungdoms-DM 2021 U10"]
[Site "Odense"]
[Date "2021.10.02"]
[Round "3"]
[White "Jalving, August"]
[Black "Rynkjoeb, Bastian"]
[Result "1-0"]
[WhiteElo "1644"]
[BlackElo "929"]
[PlyCount "75"]
[EventDate "2021.10.01"]
[EventType "swiss (rapid)"]
[EventRounds "7"]
[EventCountry "DEN"]

1. e4 e5 2. Nf3 Nc6 3. d4 d6 4. d5 Nce7 5. c4 Nf6 6. Nc3 Bg4 7. Be3 g6 8. h3
Bxf3 9. Qxf3 Bg7 10. Be2 O-O 11. O-O c5 12. dxc6 bxc6 13. Rad1 Rb8 14. b3 Qa5
15. Bg5 h6 16. Bxf6 Bxf6 17. Qxf6 Rbe8 18. Na4 Qb4 19. Qxd6 Qa5 20. Qd2 Qa6 21.
Qxh6 Rd8 22. Nc5 Qxa2 23. Nd7 Rxd7 24. Rxd7 Qxe2 25. Rxe7 Qxe4 26. Qe3 Qh4 27.
Qxe5 Qh7 28. Re1 Qh6 29. Qf6 c5 30. Re8 Rxe8 31. Rxe8+ Qf8 32. Rxf8+ Kxf8 33.
Qd6+ Ke8 34. Qxc5 Kd8 35. Qxa7 Kc8 36. c5 Kd8 37. c6 f5 38. Qd7# 1-0

[Event "Ungdoms-DM 2021 U10"]
[Site "Odense"]
[Date "2021.10.02"]
[Round "4"]
[White "Mueller, Anker"]
[Black "Hagen, Frida Bjerregaard"]
[Result "1-0"]
[WhiteElo "1500"]
[BlackElo "1218"]
[PlyCount "81"]
[EventDate "2021.10.01"]
[EventType "swiss (rapid)"]
[EventRounds "7"]
[EventCountry "DEN"]

1. e4 c5 2. Nf3 g6 3. Nc3 Bg7 4. d4 cxd4 5. Nxd4 Nc6 6. Be3 d6 7. Be2 Nf6 8.
O-O O-O 9. Nb3 Bd7 10. Qd2 Rc8 11. Bh6 Ne5 12. Bxg7 Kxg7 13. f4 Nc4 14. Bxc4
Rxc4 15. e5 dxe5 16. fxe5 Ne4 17. Qd3 Be6 18. Nxe4 Qxd3 19. cxd3 Rcc8 20. Nd4
Bd5 21. Nc3 Rfd8 22. Nde2 Be6 23. Rad1 Bf5 24. d4 Bc2 25. Rd2 Bf5 26. Ng3 Be6
27. d5 Bd7 28. Rfd1 Bg4 29. Nge2 Bf5 30. h3 Rc5 31. g4 Bd7 32. e6 fxe6 33. dxe6
Rf8 34. exd7 Rc6 35. d8=Q Rf7 36. Rd7 Re6 37. Nd4 Ref6 38. Rxe7 Rf2 39. Rxf7+
Rxf7 40. Ne6+ Kh6 41. Qh4# 1-0

[Event "Ungdoms-DM 2021 U10"]
[Site "Odense"]
[Date "2021.10.02"]
[Round "4"]
[White "Sandmann, Villads Majvang"]
[Black "Jalving, August"]
[Result "1/2-1/2"]
[WhiteElo "1576"]
[BlackElo "1644"]
[PlyCount "91"]
[EventDate "2021.10.01"]
[EventType "swiss (rapid)"]
[EventRounds "7"]
[EventCountry "DEN"]

1. e4 c6 2. Nc3 d5 3. Nf3 dxe4 4. Nxe4 Nf6 5. Nxf6+ exf6 6. d4 Bd6 7. c3 O-O 8.
Bd3 Re8+ 9. Be2 Nd7 10. O-O Nf8 11. Bd3 Ng6 12. Qc2 Bg4 13. Nd2 Qd7 14. Nc4 Bc7
15. Bd2 Rad8 16. Rfe1 b5 17. Ne3 Be6 18. Rad1 Qd6 19. g3 Kh8 20. Nf5 Bxf5 21.
Bxf5 Qd5 22. Be4 Qd6 23. Qb3 Kg8 24. Bxg6 hxg6 25. Bf4 Qd7 26. Bxc7 Qxc7 27.
Rxe8+ Rxe8 28. d5 Rd8 29. c4 bxc4 30. Qxc4 Qd6 31. Qa4 Rd7 32. Rc1 Qxd5 33.
Qxc6 Qf5 34. Rc4 g5 35. Qc8+ Kh7 36. Kg2 Qd5+ 37. Kg1 Re7 38. Rc1 Re2 39. Qg4
Qe6 40. Qh5+ Kg8 41. Rc8+ Qxc8 42. Qxe2 Qc6 43. Qd2 Qe4 44. a3 g6 45. Qc3 g4
46. Qb3 1/2-1/2

[Event "Ungdoms-DM 2021 U10"]
[Site "Odense"]
[Date "2021.10.02"]
[Round "4"]
[White "Skytte, Robert"]
[Black "Bekmukhanov, Sauran"]
[Result "0-1"]
[WhiteElo "1247"]
[BlackElo "1726"]
[PlyCount "64"]
[EventDate "2021.10.01"]
[EventType "swiss (rapid)"]
[EventRounds "7"]
[EventCountry "DEN"]

1. d4 d5 2. Bf4 Nf6 3. e3 Bf5 4. Nf3 e6 5. c3 Bd6 6. Bg3 O-O 7. Bd3 Ne4 8. Qc2
c5 9. Ne5 c4 10. Bxe4 Bxe4 11. Qe2 Bxg2 12. Rg1 Be4 13. f3 Bg6 14. Nxg6 fxg6
15. Qg2 Nc6 16. h4 e5 17. h5 Qg5 18. Kd2 Rad8 19. Bxe5 Qxg2+ 20. Rxg2 Bxe5 21.
dxe5 Nxe5 22. f4 Nf3+ 23. Ke2 Nh4 24. Rg4 Nf5 25. hxg6 hxg6 26. Rxg6 Rfe8 27.
Nd2 Rxe3+ 28. Kf2 Rde8 29. Rd1 Re2+ 30. Kf1 Rh2 31. Kg1 Ree2 32. Rg5 Ne3 0-1

[Event "Ungdoms-DM 2021 U10"]
[Site "Odense"]
[Date "2021.10.03"]
[Round "5"]
[White "Sandmann, Villads Majvang"]
[Black "Mueller, Anker"]
[Result "1-0"]
[WhiteElo "1576"]
[BlackElo "1500"]
[PlyCount "45"]
[EventDate "2021.10.01"]
[EventType "swiss (rapid)"]
[EventRounds "7"]
[EventCountry "DEN"]

1. e4 c5 2. Nf3 d6 3. d4 cxd4 4. Nxd4 Nf6 5. Nc3 g6 6. Be3 Bg7 7. f3 Nc6 8. Qd2
O-O 9. O-O-O Bd7 10. g4 Rc8 11. Kb1 Ne5 12. Be2 Nc4 13. Bxc4 Rxc4 14. h4 h5 15.
g5 Ne8 16. Qd3 Qc8 17. Nd5 Kh8 18. Nxe7 Qc7 19. Nd5 Qc8 20. f4 Bg4 21. Rdg1 Bf3
22. Nxf3 a5 23. Nb6 1-0

[Event "Ungdoms-DM 2021 U10"]
[Site "Odense"]
[Date "2021.10.03"]
[Round "5"]
[White "Bekmukhanov, Sauran"]
[Black "Jalving, August"]
[Result "0-1"]
[WhiteElo "1726"]
[BlackElo "1644"]
[PlyCount "122"]
[EventDate "2021.10.01"]
[EventType "swiss (rapid)"]
[EventRounds "7"]
[EventCountry "DEN"]

1. e4 c6 2. c4 d5 3. cxd5 cxd5 4. exd5 Nf6 5. Qa4+ Nbd7 6. Nc3 g6 7. Bc4 Bg7 8.
d3 O-O 9. Nf3 a6 10. Qa3 Nb6 11. Qb3 Bg4 12. Ne5 Bf5 13. O-O Rb8 14. Rd1 Qd6
15. Re1 Rbd8 16. Be3 Nbxd5 17. d4 b5 18. Nxd5 bxc4 19. Nxf6+ exf6 20. Nxc4 Qd5
21. Nd2 Qd7 22. Rac1 Rb8 23. Qa3 Be6 24. Nc4 Qb5 25. b3 Rfd8 26. Red1 Bf8 27.
Qa4 Qxa4 28. bxa4 Rb4 29. Nd2 Rxa4 30. Ne4 f5 31. Nc3 Ra5 32. a4 Bb4 33. Bg5
Rc8 34. Ne2 Rxc1 35. Rxc1 Rxa4 36. Rd1 Ra5 37. f3 Kg7 38. Nf4 Bd6 39. Bd8 Rb5
40. Ne2 Rb2 41. Nc3 Bb3 42. Rc1 Bf4 43. Ra1 Be3+ 44. Kh1 Bxd4 45. Ba5 Rc2 46.
h3 Bxc3 47. Bxc3+ Rxc3 48. Rxa6 Rc1+ 49. Kh2 Bd5 50. Rd6 Rd1 51. Ra6 Rd2 52.
Kg3 f4+ 53. Kxf4 Rxg2 54. Rd6 Rd2 55. h4 Rd3 56. h5 Rxf3+ 57. Kg4 Rf5 58. hxg6
hxg6 59. Rd7 Be6 60. Re7 Kf8 61. Rxe6 fxe6 0-1

[Event "Ungdoms-DM 2021 U10"]
[Site "Odense"]
[Date "2021.10.03"]
[Round "5"]
[White "Hagen, Frida Bjerregaard"]
[Black "Khandelia, Atharva"]
[Result "1-0"]
[WhiteElo "1218"]
[BlackElo "1152"]
[PlyCount "55"]
[EventDate "2021.10.01"]
[EventType "swiss (rapid)"]
[EventRounds "7"]
[EventCountry "DEN"]

1. e4 e5 2. Nf3 Nc6 3. d4 exd4 4. Bc4 Nf6 5. e5 Ng4 6. O-O Be7 7. Nxd4 Ngxe5 8.
Nxc6 bxc6 9. Bb3 O-O 10. Nc3 Ba6 11. Re1 Nc4 12. Qd4 d5 13. Bxc4 Bxc4 14. b3
Bf6 15. Qd2 Ba6 16. Bb2 Qd6 17. Rad1 Rfe8 18. Re3 h6 19. Rg3 Bg5 20. Qd4 Bf6
21. Qg4 Rab8 22. Rc1 Rb4 23. Qf3 Rf4 24. Qd1 Qc5 25. Qd2 Rd4 26. Qxh6 Be5 27.
Na4 Bf4 28. Qxg7# 1-0

[Event "Ungdoms-DM 2021 U10"]
[Site "Odense"]
[Date "2021.10.03"]
[Round "6"]
[White "Mueller, Anker"]
[Black "Rynkjoeb, Bastian"]
[Result "0-1"]
[WhiteElo "1500"]
[BlackElo "929"]
[PlyCount "92"]
[EventDate "2021.10.01"]
[EventType "swiss (rapid)"]
[EventRounds "7"]
[EventCountry "DEN"]

1. e4 e5 2. Nf3 Nc6 3. Bc4 Bc5 4. Nxe5 Nxe5 5. Be2 Nc6 6. c3 Nf6 7. d4 Bb6 8.
Bg5 Ne7 9. Bxf6 gxf6 10. f4 Rg8 11. Bf3 c6 12. e5 f5 13. Nd2 c5 14. d5 Ba5 15.
Nc4 b5 16. Nd6+ Kf8 17. e6 fxe6 18. dxe6 dxe6 19. Bxa8 Nd5 20. Bxd5 Qxd6 21.
Bf3 Qxf4 22. Qd2 Qe5+ 23. Qe2 Qd6 24. Rd1 Qb6 25. O-O Qa6 26. Qe5 Rg6 27. Qxc5+
Kf7 28. Bh5 Bb6 29. Bxg6+ Kxg6 30. b4 Bxc5+ 31. bxc5 Qxa2 32. Rd8 Bb7 33. Rg8+
Kf7 34. Rg3 h5 35. Rf2 Qc4 36. Rh3 Kg6 37. Rg3+ Kh6 38. Re3 a5 39. Rfe2 Bd5 40.
Kf2 a4 41. c6 Qxc6 42. g3 a3 43. h4 a2 44. Re1 Qa6 45. Ra1 Qb6 46. Ke2 b4 0-1

[Event "Ungdoms-DM 2021 U10"]
[Site "Odense"]
[Date "2021.10.03"]
[Round "6"]
[White "Jalving, August"]
[Black "Hagen, Frida Bjerregaard"]
[Result "1-0"]
[WhiteElo "1644"]
[BlackElo "1218"]
[PlyCount "67"]
[EventDate "2021.10.01"]
[EventType "swiss (rapid)"]
[EventRounds "7"]
[EventCountry "DEN"]

1. Nf3 d5 2. d4 e6 3. Bf4 Bd6 4. e3 Nf6 5. Nbd2 O-O 6. Bd3 b6 7. O-O Ba6 8.
Bxa6 Nxa6 9. Qe2 Nb8 10. Ne5 c5 11. c3 Nfd7 12. Ndf3 f6 13. Ng6 Rf7 14. Bxd6
hxg6 15. Nh4 g5 16. Ng6 Nf8 17. Bxf8 Rxf8 18. Nxf8 Qxf8 19. f4 cxd4 20. fxg5
dxe3 21. gxf6 gxf6 22. Rf3 e5 23. Rg3+ Kf7 24. Qh5+ Ke6 25. Rxe3 Nc6 26. Rf1
Kd6 27. Qg6 Kc5 28. b4+ Kd6 29. Rxf6+ Qxf6 30. Qxf6+ Kd7 31. Rg3 e4 32. Rg7+
Ne7 33. Rxe7+ Kc8 34. Qf8# 1-0

[Event "Ungdoms-DM 2021 U10"]
[Site "Odense"]
[Date "2021.10.03"]
[Round "6"]
[White "Bekmukhanov, Sauran"]
[Black "Sandmann, Villads Majvang"]
[Result "0-1"]
[WhiteElo "1726"]
[BlackElo "1576"]
[PlyCount "36"]
[EventDate "2021.10.01"]
[EventType "swiss (rapid)"]
[EventRounds "7"]
[EventCountry "DEN"]

1. e4 c5 2. Nf3 e6 3. d4 cxd4 4. Nxd4 Nc6 5. Nc3 Qc7 6. Be3 a6 7. Qd2 Nf6 8. f3
Be7 9. O-O-O O-O 10. h4 h5 11. Be2 b5 12. Rdg1 Bb7 13. g4 hxg4 14. fxg4 b4 15.
Nd1 Nxe4 16. Qd3 Ne5 17. Qb3 Bd5 18. Qa4 Nc5 0-1

[Event "Ungdoms-DM 2021 U10"]
[Site "Odense"]
[Date "2021.10.03"]
[Round "7"]
[White "Jensen, Frans"]
[Black "Jalving, August"]
[Result "0-1"]
[WhiteElo "1000"]
[BlackElo "1644"]
[PlyCount "52"]
[EventDate "2021.10.01"]
[EventType "swiss (rapid)"]
[EventRounds "7"]
[EventCountry "DEN"]

1. e4 c6 2. d4 d5 3. e5 c5 4. c3 Nc6 5. Nf3 Bg4 6. h3 Bxf3 7. gxf3 e6 8. Bb5
Qb6 9. Bxc6+ bxc6 10. Nd2 cxd4 11. c4 Bc5 12. Qe2 d3 13. Qf1 Ne7 14. Nb3 dxc4
15. Nxc5 Qxc5 16. Be3 Qxe5 17. Rb1 Nf5 18. f4 Qe4 19. Kd2 Nd4 20. Bxd4 Qxd4 21.
Rg1 Qxf4+ 22. Kc3 Rb8 23. Rxg7 Qf6+ 24. Kd2 Rxb2+ 25. Kc1 d2+ 26. Kd1 Rxb1+ 0-1

[Event "Ungdoms-DM 2021 U10"]
[Site "Odense"]
[Date "2021.10.03"]
[Round "7"]
[White "Rynkjoeb, Bastian"]
[Black "Sandmann, Villads Majvang"]
[Result "0-1"]
[WhiteElo "929"]
[BlackElo "1576"]
[PlyCount "62"]
[EventDate "2021.10.01"]
[EventType "swiss (rapid)"]
[EventRounds "7"]
[EventCountry "DEN"]

1. e4 c5 2. Nf3 Nc6 3. c3 e6 4. d4 d5 5. e5 Qb6 6. Bf4 Qxb2 7. Nbd2 cxd4 8.
cxd4 Bb4 9. Rb1 Bxd2+ 10. Bxd2 Qa3 11. Ng5 Qf8 12. Qf3 h6 13. Nh3 Nxd4 14. Qg4
Nc6 15. Bb5 Bd7 16. Bxc6 bxc6 17. Qf3 c5 18. Qb3 Ne7 19. O-O Nc6 20. Qb7 Rc8
21. Rfe1 Qe7 22. Rec1 O-O 23. Qb3 Rb8 24. Qg3 Nd4 25. Qg4 Nf5 26. Qh5 Qh4 27.
Qf3 Nd4 28. Qe3 Rxb1 29. Nf4 Rxc1+ 30. Bxc1 Qxf4 31. Qg3 Qxc1# 0-1

[Event "Ungdoms-DM 2021 U10"]
[Site "Odense"]
[Date "2021.10.03"]
[Round "7"]
[White "Khandelia, Atharva"]
[Black "Mueller, Anker"]
[Result "0-1"]
[WhiteElo "1152"]
[BlackElo "1500"]
[PlyCount "50"]
[EventDate "2021.10.01"]
[EventType "swiss (rapid)"]
[EventRounds "7"]
[EventCountry "DEN"]

1. e4 c5 2. Nf3 d6 3. d4 cxd4 4. Nxd4 Nf6 5. Nc3 Nc6 6. Be3 g6 7. Be2 Bg7 8. f3
O-O 9. O-O Bd7 10. f4 Ne8 11. Nf3 Nf6 12. Bd3 Ng4 13. Bd2 Qb6+ 14. Kh1 Nf2+ 15.
Rxf2 Qxf2 16. Qc1 Qb6 17. Be3 Qc7 18. Nd5 Qd8 19. Be2 e6 20. Nc3 Qe7 21. Qd2
Rad8 22. Nb5 Bc8 23. Bxa7 Nxa7 24. Nxa7 d5 25. Re1 dxe4 0-1